Roman Reigns's WrestleMania Opponents - Statistics

General Stats
  • This quiz has been taken 614 times
    231 since last reset
  • The average score is 18 of 20
Answer Stats
WrestleMania Opponent % Correct
WrestleMania 31 Seth Rollins
99%
WrestleMania XL Seth Rollins
99%
WrestleMania 41 Seth Rollins
99%
WrestleMania 31 Brock Lesnar
98%
WrestleMania 34 Brock Lesnar
98%
WrestleMania 38 Brock Lesnar
98%
WrestleMania 39 Cody Rhodes
98%
WrestleMania XL Cody Rhodes
98%
WrestleMania 41 CM Punk
97%
WrestleMania 32 Triple H
95%
WrestleMania 37 Daniel Bryan
93%
WrestleMania 33 The Undertaker
93%
WrestleMania 37 Edge
91%
WrestleMania 29* Randy Orton
80%
WrestleMania XXX* Kane
79%
WrestleMania 35 Drew McIntyre
76%
WrestleMania 29* Sheamus
76%
WrestleMania 29* The Big Show
74%
WrestleMania XXX* Billy Gunn
59%
WrestleMania XXX* Road Dogg
58%
No matching quizzes found
Score Distribution
Percent of People with Each Score
Percentile by Number Answered
Your Score History
You have not taken this quiz since the last reset